[Event "GER CupT prel8"]
[Site "Weida"]
[Date "2016.01.23"]
[Round "1.4"]
[White "Schumann, Robert"]
[Black "Erler, Rainer"]
[Result "1-0"]
[WhiteElo "1824"]
[BlackElo "2070"]
[PlyCount "84"]
[EventDate "2016.01.23"]
[EventType "team-k.o."]
[EventRounds "2"]
[EventCountry "GER"]
[SourceTitle "EXT 2017"]
[Source "ChessBase"]
[SourceDate "2016.10.25"]
[SourceVersion "1"]
[SourceVersionDate "2016.10.25"]
[SourceQuality "1"]
[WhiteTeam "Dessau"]
[BlackTeam "Weida"]
[WhiteTeamCountry "GER"]
[BlackTeamCountry "GER"]

1. d4 d5 2. Nf3 c5 3. e3 Nc6 4. c3 Bg4 5. Qb3 Qd7 6. Nbd2 c4 7. Qd1 Nf6 8. b3 cxb3 9. Qxb3 Qc7 10. Rb1 b6 11. Bb5 Bd7 12. c4 Na5 13. Qa4 Nxc4 14. Nxc4 Qxc4 15. Qxc4 dxc4 16. Bxc4 e6 17. Ne5 Rc8 18. Ba6 Rc2 19. Nxd7 Kxd7 20. a4 Bd6 21. 0-0 Nd5 22. e4 Nc3 23. Rb3 Ne2+ 24. Bxe2 Rxe2 25. e5 Be7 26. a5 Rb8 27. Bb2 b5 28. a6 b4 29. Rc1 Rc8 30. Rf1 Rcc2 31. Bc1 Ra2 32. Rg3 g6 33. Rf3 Ke8 34. d5 exd5 35. Rd3 Rxa6 36. Rxd5 b3 37. Be3 b2 38. Rb5 Ra1 39. g3 Ree1 40. Rb8+ Kd7 41. Rxb2 Rxf1+ 42. Kg2 Rfb1 1-0